000 00592nam a2200241Ia 4500
005 20260320201109.0
008 008 262003s9999 xx 000 0 eng d
037 _aEBOOK
040 _aCRL
040 _beng
040 _cCRL
041 _2eng
041 _aeng
084 _qCRL
100 _aDeng
_9877471
245 0 _aModular Multilevel Converters: Control, Fault Detection, and Protection
260 _bIEEE
260 _c2023
856 _uhttps://ieeexplore.ieee.org/servlet/opac?bknumber=10097769
942 _cEBOOK
999 _c1718857
_d1718857